Les vacances... - Statistiques

Statistiques générales
  • Ce quiz a été pris 44 fois
  • Le résultat moyen est 5 sur 22
Statistiques - réponses
Question Réponse % Correct
Parmi des activités, laquelle les Français préfèrent-ils pratiquer pendant leurs vacances ? profiter de la plage et de la mer
89%
En 1979, quelle classe d'âge partait le plus à l'étranger ? 35-49 ans
56%
Depuis 1979, le taux de départ des moins de 20 ans a... augmenté de 10 %
56%
En 2004, parmi les Français qui sont partis en vacances, combien ont pris l'essentiel de leurs congés en juillet ou août ? 64 %
44%
En 1979, quelle classe d'âge partait le plus en vacances parmi celles citées ? 20-34 ans
33%
En 1974, quel pourcentage de Français a déclaré être parti au moins une fois en vacances dans l'année ? 51 %
33%
Depuis 1979, le taux de départ des plus de 65 ans a... baissé de 8 %
33%
Les deux pays les plus visités par les Français en vacances d'été sont... l'Espagne et l'Italie
33%
Quelle région française n'est pas sur le podium des régions préférées des Français pour l'été ? Normandie
33%
Pour 24 % des Français les vacances idéales c'est d'abord... le soleil, la fête, les amis...
22%
En 2004, quelle classe d'âge part, en moyenne, 2,6 fois par an de son domicile ? 50-64 ans
11%
En 2004, quel pourcentage de Français a déclaré être parti au moins une fois en vacances dans l'année ? 65 %
11%
Toutes catégories confondues entre 1979 et 2004, la durée de séjour moyen a baissé de 6 jours
11%
Les Français partent de de plus en plus en hiver et moins en été
11%
En 2022, les 35-39 ans ne partent pas en vacances essentiellement pour des raisons financières
11%
Où les Français séjournent-ils le plus volontiers en hiver ? en ville
11%
Pour les vacances d'été, quelle affirmation est fausse ? Les Français préférent... la montagne à la campagne
11%
Qui part le plus en vacances ? les femmes
11%
En 1964, quel pourcentage de Français a déclaré être parti au moins une fois en vacances dans l'année ? 44 %
0%
A part l'Europe quel est le continent le plus visité par les Français pendant leurs vacances ? l'Afrique
0%
En 1979, qui partait en moyenne 18 jours par an en vacances ? les moins de 20 ans
0%
En 2022, les 65-69 ans ne partent pas en vacances essentiellement pour par choix
0%
Aucun quiz correspondant
Distribution des résultats
% des personnes avec chaque résultat
Percentile par nombre de réponses
Votre historique - résultats
Vous n’avez pas pris ce quiz